| 000 | 02579nam a2200433 i 4500 | ||
|---|---|---|---|
| 001 | 193127 | ||
| 003 | SpMaBN | ||
| 005 | 20250809180110.0 | ||
| 007 | ta | ||
| 008 | 230822s2007 sp | o||| ||spa | ||
| 016 | 7 |
_abimoBNE20070407416 _2SpMaBN |
|
| 017 |
_aM 1464-2007 _bOficina Depósito Legal Madrid |
||
| 020 | _a9788445129579 | ||
| 035 | _a(OCoLC)434096411 | ||
| 035 | _abimo0002394507 | ||
| 040 |
_aSpMaBN _bspa _cSpMaBN _erdc _dES-MaACL |
||
| 080 | _a7.046.3(460.27)(083.824) | ||
| 080 | _a7.034/.035(460.27)(083.824) | ||
| 245 | 0 | 0 |
_aClausuras : _btesoros artísticos en los conventos y monasterios madrileños : Real Academia de Bellas Artes de San Fernando, de enero a marzo de 2007 / _c[artículos, Áurea de la Morena Bartolomé ... et al.] |
| 260 |
_a[Madrid] : _bComunidad de Madrid, Dirección General de Patrimonio Histórico, _c[2007] |
||
| 300 |
_a269 páginas : _bilustraciones (color) ; _c28 cm _e |
||
| 336 |
_2rdacontent _aTexto |
||
| 337 |
_2rdamedia _asin mediación |
||
| 338 |
_2rdacarrier _avolumen |
||
| 504 | _aReferencias bibliográficas | ||
| 520 | _aCatálogo de la exposición "Clausuras. Tesoros artísticos en los conventos y monasterios madrileños", celebrada en la sala de exposiciones de la Real Academia de Bellas Artes de San Fernando en enero de 2007. La muestra recoge 57 objetos y obras de arte de 16 monasterios y conventos de la Comunidad de Madrid. Se trata de retablos, pinturas y tallas de madera policromadas, pertenecientes a artistas como Peter Paulus Rubens, Luca Giordano, Pedro de Mena o Luis Tristán; relicarios, expositores, objetos de culto y otros objetos de carácter religioso conforman esta exposición, una importante muestra del patrimonio histórico que albergan diferentes congregaciones religiosas de Madrid | ||
| 530 | _aDisponible en formato digital | ||
| 650 | 7 |
_aArte religioso- _zMadrid (Comunidad Autónoma)- _vExposiciones _2embne _9234001 |
|
| 655 | 7 |
_aCatálogos de exposiciones _9193628 |
|
| 700 | 1 |
_aMorena, Áurea de la, _d1936- _eaut _9234002 |
|
| 710 | 2 |
_aReal Academia de Bellas Artes de San Fernando _ehis _96291 |
|
| 710 | 1 |
_aMadrid (Comunidad Autónoma). _bDirección General de Patrimonio Histórico _eedt _9161737 |
|
| 852 | 4 |
_aES-MaACL _bR.152777 _cDEPOJ _hDonación Comunidad de Madrid _jN-8611 _9200442 |
|
| 856 | 4 |
_uhttps://www.madrid.org/bvirtual/BVCM002463.pdf _yVersión en línea _z(PublicaMadrid) |
|
| 942 |
_n0 _cMONOGRAFIA |
||
| 999 |
_c193127 _d193127 |
||